| 000 | 00495nam a2200181Ia 4500 | ||
|---|---|---|---|
| 008 | 191130s2004##################000#0#eng## | ||
| 020 | _a9780415348096 | ||
| 040 |
_aACL _cACL |
||
| 082 | _a338.4791 GIB | ||
| 100 | _aGibson, Heather J | ||
| 245 |
_aSport tourism _cHeather J Gibson |
||
| 260 |
_aNew York _bRoutledge _c2004 |
||
| 300 | _axv, 274 p. : ill., map ; 24 cm | ||
| 650 | _aSports and tourism | ||
| 990 | _a965617cdac10000c4f5ddf433371d261 | ||
| 991 | _a332697 | ||
| 999 |
_c290709 _d290709 |
||